Fungovanie a hospodárenie lekárne diplomová práca

Uložené v:
Podrobná bibliografia
Hlavný autor: Líšková, Natália
Korporativný autor: Národohospodárska fakulta EU. Katedra sociálneho rozvoja a práce
Ďalší autori: Nováková, Michaela, 1977-
Médium: Kniha
Jazyk:Slovak
Vydavateľské údaje: Bratislava 2016
Tagy: Pridať tag
Žiadne tagy, Buďte prvý, kto otaguje tento záznam!

MARC

LEADER 00000nbm a2200000 4500
001 0217877
005 20161115122900.7
041 0 |a slo 
044 |a SK 
245 1 0 |a Fungovanie a hospodárenie lekárne  |b diplomová práca  |c Natália Líšková ; školiteľ: Michaela Nováková 
264 1 |a Bratislava  |c 2016 
300 |a 77 s. 
100 1 |a Líšková, Natália 
700 1 |a Nováková, Michaela, 1977- 
710 2 |a Národohospodárska fakulta EU. Katedra sociálneho rozvoja a práce